| 000 | 01619 a2200241 4500 | ||
|---|---|---|---|
| 001 | 43514 | ||
| 005 | 20260407155717.0 | ||
| 008 | 260407a2012 arg spa d | ||
| 003 | AR-UNSa-BCEJYS | ||
| 040 |
_aAR-UNSa-BCEJYS _bspa _cAR-UNSa-BCEJYS |
||
| 080 |
_a174:65 _xEtica en gestión y organización de la industria (Responsabilidad Social Empresaria) |
||
| 245 | 1 | 0 |
_aResponsabilidad social corporativa _pteoría y práctica |
| 020 | _a978-607-707-684-1 | ||
| 250 | _a2a. ed. | ||
| 264 | 1 |
_aMéxico : _bAlfaomega _c2012 |
|
| 300 |
_a447 p. _c23 cm. |
||
| 505 | _a1. De la ética a la responsabilidad social corporativa - 2. Los grupos de interés o "stakeholders" - 3. Transparencia y comunicación externa de la RSC - 4. El impulso político de la RSC en España y Europa - 5. Normas y declaraciones internacionales de RSC - 6. Otras normas e iniciativas internacionales de RSC - 7. Consecuencias prácticas de la responsabilidad social - 8. RSC y estrategias comunicativas sociales: el marketing social - 9. La responsabilidad de la ONG´s: el código ético de la CONGDE - 10. Relaciones responsables de empresas y ONG - 11. La responsabilidad de las empresas en el desarrollo humano - 12. RSC, corrupción y soborno internacional - 13. RSC, conflictos armados y desarrollo - 14. Fondos solidarios y fondos éticos - 15. Conclusiones: La RS ha llegado para quedarse - 16. Epílogo | ||
| 041 | _aspa | ||
| 942 | _cBK | ||
| 590 | _aniveau_biblio:m niveau_hierar:0 | ||
| 100 | 1 | _aNavarro García, Fernando | |
| 856 | 4 | 1 |
_uhttps://biblioeco.unsa.edu.ar/pmb/images/libros/L126663.jpg _yImagen de portada _qimage/jpeg |
| 999 |
_c3693 _d3693 |
||